[Event "DM 2023 Kandidatklassen"]
[Site "Svendborg"]
[Date "2023.04.09"]
[Round "6"]
[White "Liu, Casper Yukun"]
[Black "De Vleeschauwer, Maarten"]
[Result "0-1"]
[WhiteElo "2241"]
[BlackElo "2256"]
[PlyCount "110"]
[EventDate "2023.04.04"]
[EventType "swiss"]
[EventRounds "7"]
[EventCountry "DEN"]
[SourceTitle "Live v. Kasper Jerwiarz"]

1. Nf3 d5 2. g3 Nf6 3. Bg2 Bf5 4. O-O e6 5. c4 c6 6. Qb3 Qc8 7. d3 Nbd7 8. Re1
h6 9. cxd5 Nc5 10. Qc2 cxd5 11. Be3 Ncd7 12. Qb3 Nc5 13. Qa3 Na6 14. Qb3 Nc5
15. Qc2 Ncd7 16. Nc3 Be7 17. Rac1 O-O 18. Qb3 Nc5 19. Bxc5 Qxc5 20. Nh4 Ng4 21.
Ne4 Qb6 22. Nxf5 exf5 23. Qxb6 axb6 24. Nc3 Bc5 25. e3 d4 26. Nd5 Rxa2 27. h3
Ne5 28. exd4 Bxd4 29. Ne7+ Kh7 30. Nxf5 Bxf2+ 31. Kxf2 Nxd3+ 32. Ke3 Nxe1 33.
Rxe1 Re8+ 34. Be4 g6 35. Nd6 Re7 36. g4 Rxb2 37. Kf4 Kg7 38. Rd1 Rb3 39. h4 Rh3
40. Bg2 Ra3 41. Bxb7 f6 42. Bf3 Ree3 43. Rf1 Rad3 44. Nb5 Re5 45. Rb1 h5 46.
Be4 Rh3 47. Bf3 Rxh4 48. Kg3 g5 49. Nd4 hxg4 50. Bg2 f5 51. Rxb6 f4+ 52. Kf2 f3
53. Ne6+ Kf7 54. Bf1 Rxe6 55. Bc4 g3+ 0-1

[Event "DM 2023 Kandidatklassen"]
[Site "Svendborg"]
[Date "2023.04.09"]
[Round "6"]
[White "Kistrup, Nicolai"]
[Black "Ramsdal, Jens Albert"]
[Result "1-0"]
[WhiteElo "2300"]
[BlackElo "2388"]
[PlyCount "77"]
[EventDate "2023.04.04"]
[EventType "swiss"]
[EventRounds "7"]
[EventCountry "DEN"]
[SourceTitle "Live v. Kasper Jerwiarz"]

1. d4 d5 2. c4 c6 3. Nf3 Nf6 4. Nc3 g6 5. cxd5 Nxd5 6. e4 Nb6 7. h3 Bg7 8. Be2
O-O 9. O-O Be6 10. Re1 a5 11. Bf4 a4 12. Qc2 Na6 13. Rad1 Nb4 14. Qb1 Bc4 15.
Bxc4 Nxc4 16. a3 Na6 17. Nxa4 Qa5 18. Qc2 b5 19. Nc3 c5 20. e5 cxd4 21. Nxd4
Rfc8 22. Ndxb5 Rab8 23. a4 Qb4 24. Nd5 Qc5 25. b3 e6 26. Nf6+ Bxf6 27. exf6 e5
28. Bg3 Na5 29. Qxc5 Rxc5 30. Rxe5 Rxe5 31. Bxe5 Re8 32. Nc7 Nxc7 33. Bxc7 Nxb3
34. Rd8 Rxd8 35. Bxd8 Nc5 36. a5 Na6 37. Be7 g5 38. g4 h5 39. Kf1 1-0

[Event "DM 2023 Kandidatklassen"]
[Site "Svendborg"]
[Date "2023.04.09"]
[Round "6"]
[White "Ostensen, Nicolai Maxime"]
[Black "Terryn, Ezra"]
[Result "0-1"]
[WhiteElo "2226"]
[BlackElo "2213"]
[PlyCount "180"]
[EventDate "2023.04.04"]
[EventType "swiss"]
[EventRounds "7"]
[EventCountry "DEN"]
[SourceTitle "Live v. Kasper Jerwiarz"]

1. e4 c5 2. Ne2 e6 3. Nbc3 Nc6 4. d4 cxd4 5. Nxd4 Nf6 6. a3 Be7 7. Be2 O-O 8.
Nf3 d6 9. O-O Qc7 10. Bg5 Rd8 11. Bd3 h6 12. Bh4 a6 13. Re1 b5 14. Qe2 Bb7 15.
Rad1 Rac8 16. a4 b4 17. Nb1 a5 18. h3 Nb8 19. Nbd2 Nbd7 20. Nb3 Nc5 21. Nxc5
Qxc5 22. Nd2 Bc6 23. b3 Qa7 24. Qe3 Qa8 25. Nc4 Rb8 26. f3 Ng4 27. hxg4 Bxh4
28. Re2 Be7 29. Kh1 Rb7 30. Ree1 Qa7 31. Qxa7 Rxa7 32. Ne3 Rad7 33. Nc4 Ra7 34.
Ne3 Bb7 35. Bb5 Rc8 36. Re2 Rc5 37. Rd4 h5 38. Rc4 Rxc4 39. Bxc4 hxg4 40. Nxg4
Ra8 41. f4 Bd8 42. f5 e5 43. Bd5 Bxd5 44. exd5 Bb6 45. Re4 Bd4 46. Re2 Rc8 47.
Rd2 Rc5 48. g3 Rxd5 49. Nh2 Kf8 50. Nf3 Ke7 51. g4 Kf6 52. Kg2 Rc5 53. Kg3 Rc3
54. Rd3 Rxc2 55. Nxd4 exd4 56. Kf4 Rf2+ 57. Kg3 Rb2 58. Kf4 g5+ 59. Ke4 Rg2 60.
Kf3 Rh2 61. Ke4 Rh4 62. Rg3 d3 63. Kxd3 Ke5 64. Re3+ Kd5 65. Re7 Rxg4 66. Rxf7
Rg3+ 67. Kc2 Rc3+ 68. Kb2 g4 69. Ra7 Ke5 70. Rxa5+ Rc5 71. Rxc5+ dxc5 72. a5 g3
73. a6 g2 74. a7 g1=Q 75. a8=Q Qf2+ 76. Ka1 Qxf5 77. Qg2 Qd3 78. Qg7+ Ke4 79.
Qe7+ Kd4 80. Qf6+ Ke3 81. Qg5+ Ke2 82. Qg2+ Kd1 83. Qg1+ Kd2 84. Qf2+ Kd1 85.
Qg1+ Kc2 86. Qb1+ Kd2 87. Qh1 Qc3+ 88. Ka2 Qc2+ 89. Ka1 Qc1+ 90. Ka2 Qxh1 0-1

[Event "DM 2023 Kandidatklassen"]
[Site "Svendborg"]
[Date "2023.04.09"]
[Round "6"]
[White "Thybo, Thomas Sondergaard"]
[Black "Falkesgaard, Jeppe Hald"]
[Result "1-0"]
[WhiteElo "2130"]
[BlackElo "2062"]
[PlyCount "95"]
[EventDate "2023.04.04"]
[EventType "swiss"]
[EventRounds "7"]
[EventCountry "DEN"]
[SourceTitle "Live v. Kasper Jerwiarz"]

1. e4 c5 2. Nf3 e6 3. c3 Nf6 4. e5 Nd5 5. d4 cxd4 6. Bc4 Nb6 7. Bb3 Nc6 8. cxd4
d6 9. O-O Be7 10. Qe2 O-O 11. Nc3 Nd7 12. exd6 Bxd6 13. Bxe6 Qe7 14. Bc4 Qxe2
15. Bxe2 Nf6 16. Bg5 Bg4 17. Rad1 Rfd8 18. h3 Bh5 19. Rfe1 Bb4 20. a3 Ba5 21.
Bxf6 gxf6 22. d5 Bxf3 23. Bxf3 Ne5 24. Be4 Rac8 25. Re3 Nc4 26. Rg3+ Kh8 27. b4
Bc7 28. Rf3 Be5 29. Bf5 Ra8 30. Na4 Nd6 31. Nc5 Nxf5 32. Rxf5 b6 33. Ne4 Kg7
34. Rf3 Rac8 35. Rfd3 f5 36. Ng5 Rc2 37. g3 f4 38. Nf3 Bf6 39. g4 Kg6 40. d6 h5
41. Kg2 Rd7 42. Rd5 hxg4 43. hxg4 Rc3 44. g5 Bg7 45. Re1 Rc6 46. Nh4+ Kh5 47.
g6+ f5 48. Nxf5 1-0

[Event "DM 2023 Kandidatklassen"]
[Site "Svendborg"]
[Date "2023.04.09"]
[Round "6"]
[White "Rewitz, Poul"]
[Black "Jarlskov, Daniel Tuk Hartso"]
[Result "1-0"]
[WhiteElo "2219"]
[BlackElo "2073"]
[PlyCount "77"]
[EventDate "2023.04.04"]
[EventType "swiss"]
[EventRounds "7"]
[EventCountry "DEN"]
[SourceTitle "Live v. Kasper Jerwiarz"]

1. f4 Nf6 2. Nf3 c5 3. g3 Nc6 4. Bg2 d5 5. d3 b6 6. O-O Bb7 7. c3 e6 8. Qa4 Be7
9. e4 dxe4 10. dxe4 O-O 11. Nbd2 Qc7 12. e5 Nd5 13. Ne4 a6 14. Qc2 Rad8 15.
Nfg5 g6 16. h4 Na5 17. h5 c4 18. Bf3 Bxg5 19. Nxg5 Qc5+ 20. Qf2 Qxf2+ 21. Kxf2
Kg7 22. Rh1 h6 23. Ne4 f5 24. Nd6 Bc6 25. hxg6 Kxg6 26. Bd2 b5 27. g4 Ne7 28.
Rag1 Kh7 29. g5 Ng8 30. Be3 Bxf3 31. Kxf3 Rd7 32. Nf7 Rdxf7 33. g6+ Kg7 34.
gxf7+ Kxf7 35. Rh2 Ne7 36. Rxh6 Nd5 37. Rh7+ Ke8 38. Rgg7 Kd8 39. Ra7 1-0

[Event "DM 2023 Kandidatklassen"]
[Site "Svendborg"]
[Date "2023.04.09"]
[Round "6"]
[White "Zander, Emil"]
[Black "Meskenas, Paulius"]
[Result "1-0"]
[WhiteElo "2006"]
[BlackElo "2216"]
[PlyCount "81"]
[EventDate "2023.04.04"]
[EventType "swiss"]
[EventRounds "7"]
[EventCountry "DEN"]
[SourceTitle "Live v. Kasper Jerwiarz"]

1. e4 e5 2. Nf3 Nc6 3. Bc4 Bc5 4. c3 Nf6 5. d3 a5 6. O-O d6 7. Re1 O-O 8. h3 h6
9. d4 Bb6 10. Bb3 Re8 11. Bc2 exd4 12. cxd4 Nb4 13. Nc3 Nxc2 14. Qxc2 c6 15.
Re2 Be6 16. Bf4 Qd7 17. Rd1 d5 18. e5 Nh5 19. Bh2 Bxh3 20. gxh3 Qxh3 21. Re3
Re6 22. Ng5 Qg4+ 23. Rg3 Nxg3 24. Qh7+ Kf8 25. Nxe6+ fxe6 26. Bxg3 Ke7 27. Qd3
Rf8 28. Kg2 Rf5 29. f3 Qg6 30. Ne2 Kd7 31. Rh1 Qf7 32. Rh4 Bd8 33. Rf4 Rxf4 34.
Bxf4 g5 35. Bh2 Kc8 36. Kf2 g4 37. Nf4 Bh4+ 38. Kg2 Bg5 39. Qg6 Qf8 40. Qxe6+
Kc7 41. Qd6+ 1-0

[Event "DM 2023 Kandidatklassen"]
[Site "Svendborg"]
[Date "2023.04.09"]
[Round "6"]
[White "Le Besq, Alexander"]
[Black "Loftgaard, Mikkel Vinh"]
[Result "1/2-1/2"]
[WhiteElo "2217"]
[BlackElo "2244"]
[PlyCount "190"]
[EventDate "2023.04.04"]
[EventType "swiss"]
[EventRounds "7"]
[EventCountry "DEN"]
[SourceTitle "Live v. Kasper Jerwiarz"]

1. e4 c5 2. Nf3 d6 3. d4 cxd4 4. Nxd4 Nf6 5. Nc3 a6 6. h3 e5 7. Nde2 h5 8. Bg5
Be6 9. Bxf6 Qxf6 10. Nd5 Qd8 11. Qd3 Nd7 12. Nec3 Nc5 13. Qf3 b5 14. b4 Na4 15.
Nxa4 Bxd5 16. exd5 bxa4 17. Qa3 Qd7 18. Rb1 Be7 19. b5 O-O 20. bxa6 Qf5 21. Bd3
e4 22. Bb5 Qxd5 23. O-O Qe5 24. Qxa4 d5 25. f4 Qc3 26. Bc6 Ra7 27. Bb7 e3 28.
Qb3 Qc5 29. Rfe1 d4 30. Qb6 Qc3 31. Kh1 Bc5 32. Qb3 Qd2 33. Qd3 Qf2 34. Rf1 Qh4
35. Rb5 Re8 36. Qe2 Qe7 37. Rb3 Qf6 38. Rd3 Bb4 39. Rb3 Bc3 40. Rb5 Rxa6 41.
Bxa6 Qxa6 42. Rfb1 Qd6 43. Rb7 h4 44. Kg1 Qd8 45. Qc4 Qf6 46. Rb8 Rxb8 47.
Rxb8+ Kh7 48. Qd3+ g6 49. Qe4 e2 50. Qxe2 Qxf4 51. Re8 d3 52. cxd3 Qc1+ 53. Kf2
Bd4+ 54. Kf3 Qg5 55. Qe4 Qg3+ 56. Ke2 Qf2+ 57. Kd1 Bc3 58. Qe3 Qf1+ 59. Kc2 Qa1
60. Qc1 Qxa2+ 61. Kxc3 Qa5+ 62. Kd4 Qa4+ 63. Qc4 Qxe8 64. Qd5 Qa4+ 65. Ke5 Kg7
66. d4 Qa6 67. Kf4 Qf1+ 68. Ke3 Qe1+ 69. Kd3 Qb1+ 70. Kc4 Qa2+ 71. Kc5 Qa3+ 72.
Kb6 Qb4+ 73. Kc7 Qe7+ 74. Kc6 Qe8+ 75. Kc5 Qe7+ 76. Kc4 Qe2+ 77. Kc5 Qe7+ 78.
Kb5 Qe8+ 79. Qc6 Qe2+ 80. Kc5 Qc2+ 81. Kd6 Qd2 82. Kc5 Qc3+ 83. Kd5 Qa5+ 84.
Kc4 Qa2+ 85. Kd3 Qb3+ 86. Qc3 Qb5+ 87. Ke3 Qg5+ 88. Kf2 Qf4+ 89. Kg1 Kf6 90.
Qc6+ Ke7 91. Qc5+ Kf6 92. d5 g5 93. Qc6+ Ke7 94. Qc5+ Kf6 95. Qc3+ Ke7 1/2-1/2

[Event "DM 2023 Kandidatklassen"]
[Site "Svendborg"]
[Date "2023.04.09"]
[Round "6"]
[White "Hoyer, Jacob K"]
[Black "Hansen, Soren Bech"]
[Result "1-0"]
[WhiteElo "2194"]
[BlackElo "2237"]
[PlyCount "61"]
[EventDate "2023.04.04"]
[EventType "swiss"]
[EventRounds "7"]
[EventCountry "DEN"]
[SourceTitle "Live v. Kasper Jerwiarz"]

1. d4 f5 2. g3 Nf6 3. Bg2 g6 4. Nf3 Bg7 5. O-O O-O 6. b3 d6 7. Bb2 c6 8. Nbd2
a5 9. c4 Na6 10. Qc2 Nc7 11. e4 fxe4 12. Nxe4 Nxe4 13. Qxe4 Bf5 14. Qh4 Qd7 15.
Rfe1 Rae8 16. h3 h6 17. g4 g5 18. Qg3 Bg6 19. h4 Rf4 20. hxg5 hxg5 21. Nxg5
Rxg4 22. Qe3 Bh6 23. f4 Qf5 24. Nh3 e5 25. dxe5 Ne6 26. exd6 Bxf4 27. Qc3 Rg3
28. Qh8+ Kf7 29. Qh4 Be3+ 30. Rxe3 Rxe3 31. Rf1 1-0

[Event "DM 2023 Kandidatklassen"]
[Site "Svendborg"]
[Date "2023.04.09"]
[Round "6"]
[White "Mollasoltani, Aryan"]
[Black "Thogersen, Rasmus"]
[Result "1/2-1/2"]
[WhiteElo "2008"]
[BlackElo "2365"]
[PlyCount "130"]
[EventDate "2023.04.04"]
[EventType "swiss"]
[EventRounds "7"]
[EventCountry "DEN"]
[SourceTitle "Live v. Kasper Jerwiarz"]

1. e4 c5 2. Nf3 d6 3. d4 cxd4 4. Nxd4 Nf6 5. Nc3 a6 6. h3 e5 7. Nb3 Be6 8. Be3
Nbd7 9. g4 h6 10. Bg2 Be7 11. f4 Rc8 12. Qe2 Qc7 13. O-O-O b5 14. Nd5 Bxd5 15.
exd5 O-O 16. Rhg1 Rfe8 17. Qd2 Nb6 18. Bxb6 Qxb6 19. g5 hxg5 20. fxg5 Nh5 21.
Be4 Rc4 22. Rg4 Nf4 23. Re1 g6 24. h4 b4 25. Qe3 Qxe3+ 26. Rxe3 Nxd5 27. Re1
Nf4 28. Nd2 Rc7 29. Kd1 Bf8 30. Bd3 Ra8 31. Ne4 Be7 32. Ng3 Rac8 33. Rxf4 exf4
34. Ne2 f3 35. Nd4 f2 36. Rf1 d5 37. Rxf2 Bc5 38. Rf4 Bxd4 39. Rxd4 a5 40. Rxd5
Rc5 41. Rd4 Kf8 42. Kd2 Ke7 43. Rf4 R8c7 44. Ke3 Ke6 45. Kd4 Rd5+ 46. Ke3 Kd6
47. Kf3 Re5 48. Kf2 Ke7 49. Rd4 Rc6 50. Rg4 Rce6 51. Bc4 Rf5+ 52. Kg2 Re1 53.
Bd3 Rfe5 54. a4 bxa3 55. bxa3 Ra1 56. a4 Ree1 57. Rf4 Rad1 58. Kf2 Rh1 59. Kg2
Rhe1 60. Kf2 Re5 61. Rc4 Rh1 62. Rf4 Rh2+ 63. Kg3 Rd2 64. Kf3 Kf8 65. Bxg6 Rd7
1/2-1/2

[Event "DM 2023 Kandidatklassen"]
[Site "Svendborg"]
[Date "2023.04.09"]
[Round "6"]
[White "Jensen, Lars Munk"]
[Black "Iskos, Lukas"]
[Result "0-1"]
[WhiteElo "2150"]
[BlackElo "2013"]
[PlyCount "54"]
[EventDate "2023.04.04"]
[EventType "swiss"]
[EventRounds "7"]
[EventCountry "DEN"]
[SourceTitle "Live v. Kasper Jerwiarz"]

1. c4 e6 2. Nf3 d5 3. e3 Nf6 4. b3 Be7 5. Bb2 c5 6. cxd5 exd5 7. Be2 Nc6 8. d4
cxd4 9. Nxd4 Bb4+ 10. Kf1 O-O 11. h3 Ne4 12. Nxc6 Qh4 13. g3 Bxh3+ 14. Kg1 Nxg3
15. Rxh3 Qxh3 16. Bf3 bxc6 17. Bg2 Qh5 18. Bf3 Qg5 19. fxg3 Qxg3+ 20. Kf1 Rae8
21. Qe2 Bc5 22. Qg2 Qxg2+ 23. Kxg2 Rxe3 24. Nd2 Rfe8 25. Rd1 Re1 26. Rxe1 Rxe1
27. Bg4 f5 0-1

[Event "DM 2023 Kandidatklassen"]
[Site "Svendborg"]
[Date "2023.04.09"]
[Round "6"]
[White "Medhus, Vitus Bondo"]
[Black "Koch Mueller, Oscar"]
[Result "1-0"]
[WhiteElo "2097"]
[BlackElo "2167"]
[PlyCount "139"]
[EventDate "2023.04.04"]
[EventType "swiss"]
[EventRounds "7"]
[EventCountry "DEN"]
[SourceTitle "Live v. Kasper Jerwiarz"]

1. d4 e6 2. Nf3 Nf6 3. e3 c5 4. b3 cxd4 5. exd4 b6 6. Nbd2 Bb7 7. Bb2 d5 8. Bd3
Bd6 9. Qe2 Nc6 10. c4 O-O 11. O-O Nb4 12. Bb1 Rc8 13. Ne5 Qe7 14. f4 Rfd8 15.
Rf3 dxc4 16. Rh3 c3 17. Bxh7+ Kf8 18. Bg6 cxb2 19. Rf1 Qc7 20. Nxf7 Ke7 21. f5
Bd5 22. Nxd8 Rxd8 23. fxe6 Qc1 24. g4 Rf8 25. Qf2 Bxe6 26. Re3 Kd7 27. Ree1
Nxg4 28. Qxf8 Bxf8 29. Rxc1 bxc1=Q 30. Rxc1 Bd6 31. h3 Nf6 32. Nc4 Bxh3 33.
Nxd6 Kxd6 34. a3 Na6 35. Kf2 Nc7 36. a4 Be6 37. a5 b5 38. b4 Na6 39. Bd3 Bd7
40. Rb1 Nd5 41. Rg1 Naxb4 42. Rg6+ Nf6 43. Bf1 Nc2 44. Rxg7 Nxd4 45. Bd3 a6 46.
Ke3 Nb3 47. Rg6 Ke7 48. Rg7+ Ke6 49. Rg1 Nd5+ 50. Kf2 Nf4 51. Ke3 Nd5+ 52. Kf2
Nc5 53. Bh7 Kd6 54. Ke2 Nb4 55. Rd1+ Kc6 56. Ke3 Be6 57. Rb1 Nd5+ 58. Kd4 Nb7
59. Ke5 Bf7 60. Rc1+ Kd7 61. Bf5+ Ke7 62. Be4 Nxa5 63. Bxd5 Bh5 64. Rc7+ Kd8
65. Rh7 Be2 66. Kd6 Nc4+ 67. Bxc4 Kc8 68. Bd5 Kb8 69. Rh8+ Ka7 70. Kc7 1-0

[Event "DM 2023 Kandidatklassen"]
[Site "Svendborg"]
[Date "2023.04.09"]
[Round "6"]
[White "Nielsen, Phillip"]
[Black "Wahlgreen, Noah Krug"]
[Result "1-0"]
[WhiteElo "1987"]
[BlackElo "1975"]
[PlyCount "109"]
[EventDate "2023.04.04"]
[EventType "swiss"]
[EventRounds "7"]
[EventCountry "DEN"]
[SourceTitle "Live v. Kasper Jerwiarz"]

1. d4 d5 2. Bf4 c5 3. e3 cxd4 4. exd4 Nc6 5. c3 Nf6 6. Nd2 Bf5 7. Qb3 Qc8 8.
Ngf3 e6 9. Be2 Be7 10. O-O O-O 11. Rfc1 Ne4 12. Nxe4 Bxe4 13. Nd2 Bf5 14. Re1
Qd7 15. a4 Bd6 16. Bxd6 Qxd6 17. Qa3 Qd7 18. Nb3 Ne7 19. Nc5 Qc7 20. Qb3 Rab8
21. Qb5 Rfd8 22. a5 Nc8 23. Qb4 Nd6 24. f3 Qc6 25. Qa4 Qc8 26. Bf1 b6 27. axb6
axb6 28. Na6 Ra8 29. Qb3 Qb7 30. Ra2 Ra7 31. Rea1 Rda8 32. Qb4 Qc6 33. Kf2 Nc4
34. Bxc4 Qxc4 35. Qxc4 dxc4 36. Nb4 Rxa2 37. Rxa2 Rxa2 38. Nxa2 Kf8 39. Ke3 Ke7
40. Nb4 Kd6 41. Kf4 f6 42. Ke3 g5 43. Na2 Kc6 44. Nb4+ Kb5 45. Kd2 h5 46. Na2
Bd3 47. Nc1 Bb1 48. Ne2 Ka4 49. Ng3 Bg6 50. Ne4 Bxe4 51. fxe4 Kb5 52. Ke3 f5
53. exf5 exf5 54. h4 gxh4 55. Kf4 1-0

[Event "DM 2023 Kandidatklassen"]
[Site "Svendborg"]
[Date "2023.04.09"]
[Round "6"]
[White "Thuesen, Mogens Henrik"]
[Black "Thorsen, Adrian Stenstrop"]
[Result "0-1"]
[WhiteElo "2156"]
[BlackElo "2060"]
[PlyCount "68"]
[EventDate "2023.04.04"]
[EventType "swiss"]
[EventRounds "7"]
[EventCountry "DEN"]
[SourceTitle "Live v. Kasper Jerwiarz"]

1. c4 e5 2. g3 Nc6 3. Bg2 f5 4. Nc3 Nf6 5. d3 Bb4 6. Bd2 O-O 7. a3 Bxc3 8. Bxc3
d6 9. Nf3 Qe8 10. b4 f4 11. b5 Ne7 12. Qb3 Kh8 13. Nd2 Nf5 14. Ne4 Qf7 15. Nxf6
Qxf6 16. O-O Qg5 17. c5 Rf6 18. e4 fxe3 19. f4 Qh5 20. Bf3 Qe8 21. fxe5 dxe5
22. Qb2 Nd4 23. Bxd4 exd4 24. Qxd4 Bh3 25. Bg2 Rd8 26. Qe4 Re6 27. Qxb7 Bxg2
28. Qxg2 e2 29. Rfe1 Rxd3 30. a4 Qd8 31. Qf2 Rd1 32. h3 Re8 33. Kh2 Rxa1 34.
Rxa1 Qd1 0-1

[Event "DM 2023 Kandidatklassen"]
[Site "Svendborg"]
[Date "2023.04.10"]
[Round "7"]
[White "De Vleeschauwer, Maarten"]
[Black "Kistrup, Nicolai"]
[Result "1-0"]
[WhiteElo "2256"]
[BlackElo "2300"]
[PlyCount "83"]
[EventDate "2023.04.04"]
[EventType "swiss"]
[EventRounds "7"]
[EventCountry "DEN"]
[SourceTitle "Live v. Kasper Jerwiarz"]

1. e4 c5 2. Nf3 e6 3. d4 cxd4 4. Nxd4 Nf6 5. Nc3 Nc6 6. Be2 Bb4 7. O-O Bxc3 8.
bxc3 Nxe4 9. Nxc6 dxc6 10. Qxd8+ Kxd8 11. Bf3 Nc5 12. a4 e5 13. Ba3 b6 14. Rfe1
f6 15. Bxc6 Rb8 16. f4 Kc7 17. Bd5 Re8 18. fxe5 fxe5 19. a5 Bb7 20. axb6+ axb6
21. c4 Bxd5 22. cxd5 Kd6 23. c4 b5 24. Bxc5+ Kxc5 25. cxb5 Rb7 26. Red1 Rxb5
27. d6 Kb6 28. d7 Rd8 29. Kf2 Kc6 30. Ke3 Rb7 31. Rac1+ Kb6 32. Rd6+ Ka7 33.
Rcd1 Kb8 34. Ke4 Kc7 35. Kxe5 Rb5+ 36. Ke6 Rc5 37. R6d5 Rc4 38. R5d4 Rc5 39.
Re4 Rc6+ 40. Ke7 Rc5 41. Re6 Rc2 42. Rdd6 1-0

[Event "DM 2023 Kandidatklassen"]
[Site "Svendborg"]
[Date "2023.04.10"]
[Round "7"]
[White "Terryn, Ezra"]
[Black "Liu, Casper Yukun"]
[Result "1/2-1/2"]
[WhiteElo "2213"]
[BlackElo "2241"]
[PlyCount "83"]
[EventDate "2023.04.04"]
[EventType "swiss"]
[EventRounds "7"]
[EventCountry "DEN"]
[SourceTitle "Live v. Kasper Jerwiarz"]

1. e4 c5 2. b4 cxb4 3. a3 d5 4. exd5 Qxd5 5. Nf3 e6 6. axb4 Bxb4 7. c3 Be7 8.
Na3 Nc6 9. Nb5 Qd8 10. d4 Nf6 11. Bd3 O-O 12. O-O b6 13. Ne5 Bb7 14. Re1 a6 15.
Na3 Nxe5 16. dxe5 Qd5 17. Bf1 Nd7 18. Qxd5 Bxd5 19. Nc2 b5 20. Ba3 Bxa3 21.
Rxa3 Rfc8 22. Nb4 Bb7 23. f4 Nb6 24. Rea1 Nd5 25. Nxd5 exd5 26. Kf2 d4 27. cxd4
b4 28. Ra5 Be4 29. Bxa6 Rc3 30. Be2 Rb8 31. Bf3 Bxf3 32. gxf3 Rcc8 33. Rc5 Rxc5
34. dxc5 g6 35. Ke3 b3 36. Rb1 b2 37. Kd4 Kf8 38. c6 Ke7 39. Kc5 Rb3 40. Kc4
Rb6 41. Kd5 Rb5+ 42. Kc4 1/2-1/2

[Event "DM 2023 Kandidatklassen"]
[Site "Svendborg"]
[Date "2023.04.10"]
[Round "7"]
[White "Ramsdal, Jens Albert"]
[Black "Thybo, Thomas Sondergaard"]
[Result "1-0"]
[WhiteElo "2388"]
[BlackElo "2130"]
[PlyCount "61"]
[EventDate "2023.04.04"]
[EventType "swiss"]
[EventRounds "7"]
[EventCountry "DEN"]
[SourceTitle "Live v. Kasper Jerwiarz"]

1. e4 c6 2. d4 d5 3. e5 c5 4. dxc5 e6 5. a3 Bxc5 6. b4 Bb6 7. Qg4 Ne7 8. Bd3
Ng6 9. Nf3 Nc6 10. O-O h5 11. Qg3 Nd4 12. Nxd4 Bxd4 13. Bxg6 Bxa1 14. Bd3 Kf8
15. Be3 a5 16. c3 axb4 17. axb4 Bd7 18. f4 g6 19. Bd4 Ra2 20. h4 Rg8 21. f5
exf5 22. Qf4 g5 23. Bc5+ Ke8 24. Qg3 Rg6 25. e6 fxe6 26. Qd6 Qf6 27. Qb8+ Qd8
28. Qe5 gxh4 29. Qh8+ Kf7 30. Rxf5+ exf5 31. Qxd8 1-0

[Event "DM 2023 Kandidatklassen"]
[Site "Svendborg"]
[Date "2023.04.10"]
[Round "7"]
[White "Hoyer, Jacob K"]
[Black "Rewitz, Poul"]
[Result "1/2-1/2"]
[WhiteElo "2194"]
[BlackElo "2219"]
[PlyCount "135"]
[EventDate "2023.04.04"]
[EventType "swiss"]
[EventRounds "7"]
[EventCountry "DEN"]
[SourceTitle "Live v. Kasper Jerwiarz"]

1. d4 d5 2. c4 e5 3. dxe5 d4 4. Nf3 Nc6 5. a3 a5 6. e3 Bc5 7. Be2 Bf5 8. exd4
Nxd4 9. Nxd4 Qxd4 10. O-O Ne7 11. Nc3 O-O 12. Qxd4 Bxd4 13. Nb5 Bxe5 14. f4 Bf6
15. Nxc7 Rac8 16. Nb5 Rfd8 17. g4 Bd3 18. Bxd3 Rxd3 19. g5 Bd4+ 20. Nxd4 Rxd4
21. b3 Nf5 22. a4 Rd3 23. Rb1 h5 24. gxh6 Rc6 25. hxg7 Rg6+ 26. Kf2 Rh3 27. Rh1
Nd4 28. Rb2 Rf3+ 29. Ke1 Nxb3 30. Rf2 Re6+ 31. Kf1 Rd3 32. f5 Re4 33. Bh6 Rh4
34. Bf4 Rd1+ 35. Kg2 Rg4+ 36. Bg3 Rxh1 37. Kxh1 Kxg7 38. Be5+ f6 39. Rf4 Rxf4
40. Bxf4 Nc5 41. Bc7 Nxa4 42. Bxa5 Kh6 43. Bd2+ Kh5 44. h3 Nb6 45. c5 Nd5 46.
Kg2 Ne7 47. Kf3 Nxf5 48. Ke4 Ne7 49. Be1 Kg6 50. Bg3 Kf7 51. Bd6 Ng6 52. Kf5
Nh4+ 53. Kg4 Ng6 54. h4 Ke6 55. h5 Nh8 56. h6 Nf7 57. h7 Nh8 58. Kh5 Kf7 59.
Kh6 Ng6 60. Bf8 Nh8 61. Bg7 Ng6 62. h8=Q Nxh8 63. Bxh8 Ke6 64. Bg7 Kd5 65. Bf8
Kc6 66. Kg6 b6 67. cxb6 Kxb6 68. Kxf6 1/2-1/2

[Event "DM 2023 Kandidatklassen"]
[Site "Svendborg"]
[Date "2023.04.10"]
[Round "7"]
[White "Zander, Emil"]
[Black "Ostensen, Nicolai Maxime"]
[Result "1-0"]
[WhiteElo "2006"]
[BlackElo "2226"]
[PlyCount "135"]
[EventDate "2023.04.04"]
[EventType "swiss"]
[EventRounds "7"]
[EventCountry "DEN"]
[SourceTitle "Live v. Kasper Jerwiarz"]

1. e4 e5 2. Nf3 Nc6 3. Bc4 Bc5 4. c3 Nf6 5. d3 a6 6. O-O d6 7. Re1 Bb6 8. a4 h6
9. b4 O-O 10. h3 Ne7 11. Nbd2 c6 12. Bb3 Ng6 13. Nf1 d5 14. Qc2 Bc7 15. Ng3 Be6
16. d4 Re8 17. Bb2 exd4 18. e5 dxc3 19. Qxc3 Nd7 20. Bc2 Ngf8 21. Nh5 a5 22. b5
c5 23. Qd2 d4 24. Bc1 g5 25. Be4 Rb8 26. Qc2 Nxe5 27. Nxe5 Bxe5 28. Qxc5 Nd7
29. Qa3 Qe7 30. Qf3 f6 31. Bxb7 Qf7 32. Bc6 Red8 33. Bd2 Nb6 34. Bxa5 Rdc8 35.
Bxb6 Rxb6 36. a5 Rbb8 37. a6 Rc7 38. Rxe5 fxe5 39. Qxf7+ Bxf7 40. Nf6+ Kg7 41.
Nd7 Rd8 42. a7 d3 43. a8=Q Rxa8 44. Rxa8 d2 45. Ra1 Bb3 46. Kh2 d1=Q 47. Rxd1
Bxd1 48. b6 Rc8 49. b7 Rd8 50. b8=Q Rxb8 51. Nxb8 Kf6 52. Kg3 Be2 53. Bf3 Bb5
54. Nc6 Bc4 55. Nb4 Bf7 56. Nd5+ Kg7 57. Ne3 Kf6 58. Ng4+ Kg7 59. Nxe5 Be6 60.
Be4 Kf6 61. Ng4+ Kg7 62. Ne3 Kf6 63. Bf3 Kg6 64. Bg4 Bb3 65. Bf5+ Kg7 66. Bc2
Ba2 67. Nf5+ Kh7 68. Kg4 1-0

[Event "DM 2023 Kandidatklassen"]
[Site "Svendborg"]
[Date "2023.04.10"]
[Round "7"]
[White "Iskos, Lukas"]
[Black "Le Besq, Alexander"]
[Result "1-0"]
[WhiteElo "2013"]
[BlackElo "2217"]
[PlyCount "163"]
[EventDate "2023.04.04"]
[EventType "swiss"]
[EventRounds "7"]
[EventCountry "DEN"]
[SourceTitle "Live v. Kasper Jerwiarz"]

1. d4 d5 2. Nf3 Nf6 3. Bf4 c5 4. e3 Nc6 5. Nbd2 Nh5 6. Bg5 h6 7. Bh4 g5 8. Bg3
Nxg3 9. hxg3 Bg7 10. c3 cxd4 11. exd4 Bf5 12. Nb3 Rb8 13. Bd3 Bxd3 14. Qxd3 b5
15. Nc5 e6 16. b4 a5 17. a3 a4 18. O-O Qf6 19. Rfe1 h5 20. Ne5 Nxe5 21. Rxe5
Qe7 22. Re2 Rb6 23. f4 Kd8 24. f5 Rh6 25. Rae1 Kc8 26. fxe6 fxe6 27. Qf5 Qf6
28. Qxf6 Rxf6 29. Nxe6 Bh6 30. Nc5 Rbd6 31. Re7 Rd8 32. Ra7 Bf8 33. Ra8+ Kc7
34. Rxd8 Kxd8 35. Ne6+ Kd7 36. Nxf8+ Rxf8 37. Re5 Kd6 38. Rxg5 Rc8 39. Rg6+ Ke7
40. Rb6 Rxc3 41. Rxb5 Ke6 42. Ra5 Rxa3 43. Kf2 Ra1 44. Kf3 a3 45. g4 h4 46.
Ra6+ Ke7 47. Kf4 a2 48. Kg5 Rb1 49. Rxa2 Rxb4 50. Rd2 Ke6 51. Kxh4 Kf6 52. Kh5
Rb1 53. g5+ Kg7 54. Ra2 Rh1+ 55. Kg4 Rd1 56. Ra4 Kg6 57. g3 Rd3 58. Kf4 Rd1 59.
Ra6+ Kf7 60. Kf5 Rf1+ 61. Ke5 Rg1 62. Rf6+ Kg7 63. Kxd5 Rxg3 64. Rf5 Kg6 65.
Ke6 Ra3 66. d5 Ra6+ 67. Ke5 Ra5 68. Rf1 Ra2 69. d6 Re2+ 70. Kd5 Kxg5 71. d7
Rd2+ 72. Ke6 Re2+ 73. Kd6 Rd2+ 74. Ke7 Re2+ 75. Kd8 Kg6 76. Rf4 Re1 77. Kc7
Rc1+ 78. Kd6 Rd1+ 79. Ke6 Kg7 80. Rf5 Re1+ 81. Kd6 Rd1+ 82. Rd5 1-0

[Event "DM 2023 Kandidatklassen"]
[Site "Svendborg"]
[Date "2023.04.10"]
[Round "7"]
[White "Loftgaard, Mikkel Vinh"]
[Black "Falkesgaard, Jeppe Hald"]
[Result "1-0"]
[WhiteElo "2244"]
[BlackElo "2062"]
[PlyCount "53"]
[EventDate "2023.04.04"]
[EventType "swiss"]
[EventRounds "7"]
[EventCountry "DEN"]
[SourceTitle "Live v. Kasper Jerwiarz"]

1. e4 c5 2. Nf3 e6 3. c3 Nf6 4. e5 Nd5 5. d4 cxd4 6. cxd4 Nc6 7. a3 d6 8. Bd3
Be7 9. O-O O-O 10. Qc2 g6 11. Nc3 dxe5 12. dxe5 Ndb4 13. axb4 Nxb4 14. Qb3 Qxd3
15. Bh6 Re8 16. Rfd1 Qc2 17. Qc4 Qf5 18. Nb5 Nd5 19. Nc7 Nxc7 20. Qxc7 Bf8 21.
Rd8 Bd7 22. Rxa8 Rxa8 23. Bxf8 Bc6 24. Nd4 Qe4 25. Nxc6 Qxc6 26. Qxc6 bxc6 27.
Bd6 1-0